| 000 | 00000nas 2200000za 4500 |
| 001 | 9.505710 |
| 003 | CaOODSP |
| 005 | 20200331212805 |
| 007 | cr ||||||||||| |
| 008 | 150406c2002||||xxc|| p o||||f| |0eng|d |
| 022 | |a1496-9696 |
| 040 | |aCaOODSP|beng |
| 043 | |an-cn--- |
| 086 | 1 |aA27-23E-PDF |
| 110 | 1 |aCanada. |bAgriculture and Agri-Food Canada. |
| 245 | 10|aCanada : |h[electronic resource]|bspecial crops outlook |
| 260 | |aWinnipeg - Manitoba : |bAgriculture and Agri-Food Canada |c[2001-2002]. |
| 310 | |aMonthly |
| 362 | 1 |aJune 4, 2001-January 8, 2002 |
| 500 | |aIncludes: Canada: supply and disposition for special crops. |
| 690 | 07|aAgricultural economics|2gcpds |
| 690 | 07|aCrops|2gcpds |
| 775 | 08|tCanada : |w(CaOODSP)9.502114 |
| 776 | 0#|tCanada : |w(CaOODSP)9.514167 |